Detalles MARC
| 000 -LIDER |
| fixed length control field |
00938nam a2200301 4500 |
| 001 - NÚMERO DE CONTROL |
| Identificador de número de control |
014778 |
| 003 - IDENTIFICACDOR DE NÚMERO DE CONTROL |
| control field |
DO-SdBNP |
| 005 - DATE AND TIME OF LATEST TRANSACTION |
| control field |
20180402101204.0 |
| 007 - CAMPOS FIJOS DE DESCRIPCIÓN FÍSICA |
| fixed length control field |
014778 |
| 008 - ELEMENTOS DE LONGITUD FIJA |
| fixed length control field |
161122b 2005 sp || 00| 0 spa d |
| 020 ## - ISBN |
| International Standard Book Number |
8496412636 |
| 040 ## - FUENTE DE CATALOGACIÓN |
| Agencia que crea de manera original el registro |
BPMSU |
| Idioma de catalogación |
spa |
| Agencia que realiza la transcripción |
BPMSU |
| 082 ## - NÚMERO DE CLASIFICACIÓN DECIMAL DE DEWEY |
| Classification number |
843.47 |
| Item number |
F587f |
| 100 ## - ASIENTO PRINCIPAL -- NOMBRE PERSONAL |
| Nombre personal |
Perrault, Charles, |
| Fechas asociadas con el nombre |
1628-1703 |
| 240 ## - TITULO UNIFORME |
| Título uniforme |
|
| Idioma de una obra |
|
| 245 14 - MENCIÓN DE TITULO |
| Título |
El flautista de Hemelín / |
| Mención de responsabilidad |
Charles Perrault ; ilustraciones Sergio Kern |
| 246 13 - VARIACION DEL TÍTULO |
| Título propiamente dicho o título corto |
El flautista de Hemelín : |
| Subtítulo |
para leer, jugar y aprender |
| 260 ## - PUBLICACIÓN, DISTRIBUCIÓN, ETC. (PIE DE IMPRENTA) |
| Lugar de publicación, distribución, etc |
Barcelona : |
| Nombre del editor, distribuidor, etc. |
Editorial El país , |
| Fecha de publicación, distribución, etc |
2005 |
| 300 ## - DESCRIPCIÓN FÍSICA |
| Extensión |
43 p. : |
| Otros detalles físicos |
ils. ; |
| Dimensiones |
20 cm. |
| 490 ## - MENCIÓN DE SERIES |
| Mención de serie |
Cuentos infantiles |
| Volume/sequential designation |
9 |
| 650 ## - ENCABEZAMIENTO DE MATERIA--TEMÁTICO |
| Término temático o nombre geográfico como elemento de entrada |
CUENTOS INTANTILES FRANCESAS |
| 650 ## - ENCABEZAMIENTO DE MATERIA--TEMÁTICO |
| Término temático o nombre geográfico como elemento de entrada |
LITERATURA INFANTIL FRANCESA |
| 700 ## - ASIENTO SECUNDARIO -- NOMBRE PERSONAL |
| Nombre personal |
Ekern, Sergio |
| Mención de responsabilidad |
ilustración |
| 830 ## - ASIENTO SECUNDARIO DE SERIE--TÍTULO UNIFORME |
| Título uniforme |
Cuentos infantiles |
| Volume number/sequential designation |
9 |
| 942 ## - ADDED ENTRY ELEMENTS (KOHA) |
| Source of classification or shelving scheme |
Dewey Decimal Classification |
| Koha item type |
Libros |
| 945 ## - INFORMACIÓN DE PROCESAMIENTO LOCAL |
| Información de procesamiento local |
Inventariado, 2018 / BT |
| 956 ## - LOCAL ELECTRONIC LOCATION AND ACCESS (OCLC) |
| Nombre de host |
VMATEO |
| Número de acceso |
10 |
| Información de compresión |
20161122 |
| Trayectoria |
BPMSU |
| Nombre Electrónico |
0069 |